El medio ambiente y la salud para el Estado salvadoreño

Guardado en:
書目詳細資料
格式: Texto
主題:
標簽: 添加標簽
沒有標簽, 成為第一個標記此記錄!

MARC

LEADER 00000 a a2200000 04500
001 6871
003
040
245 |a El medio ambiente y la salud para el Estado salvadoreño  
650 |a MEDIO AMBIENTE  
650 |a SALUD  
650 |a CONTAMINACION  
650 |a EL SALVADOR  
773 |g volumen 28, número 1259; páginas 5-6  
999 |c 28965  |d 28965